000
00300nam a2200121Ia 4500
008
241002s9999 xx 000 0 und d
082
_a
338.95491 MAH
100
_a
Mahbub-ul-Haq
245
4
_a
The Strategy of Economic Planning
260
_a
Karachi:
_c
1966
600
_a
Social Sciences
942
_c
UC
999
_c
18673
_d
18673